000
00328nam a22001457a 4500
008
210607b ||||| |||| 00| 0 eng d
020
_a
9780070985339
041
_a
eng
080
_2
4th
_a
004
082
_a
004
100
_a
28
101
_a
SHKI
245
_a
Management Information Systems
_c
Stephen Haag
942
_2
udc
_c
BK
999
_c
58052
_d
58052